Portuguese Primeira Liga 2025-26 - Statistics

General Stats
  • This quiz has been taken 135 times
    61 since last reset
  • The average score is 11 of 18
Answer Stats
Answer % Correct
Benfica
98%
FC Porto
98%
Braga
96%
Sporting CP
71%
Estoril
67%
Estrela
62%
Guimaraes
62%
C.D. Nacional
60%
Santa Clara
60%
Arouca
58%
AVS
58%
Rio Ave
58%
Tondela
58%
Moreirense
53%
Alverca
49%
Casa Pia
47%
FC Famalicao
47%
Gil Vicente
47%
No matching quizzes found
Score Distribution
Percent of People with Each Score
Percentile by Number Answered
Your Score History
You have not taken this quiz since the last reset